000 00723nam a22001577a 4500
003 OSt
005 20150910160242.0
008 150910b xxu||||| |||| 00| 0 eng d
040 _cRUA
082 _aAGR ប្រាក់ 1995 B013 Or.1
100 _9263
_aប្រាក់ ថាវអមិតា
245 _aសិក្សាពីលទ្ឌភាពនៃប្រព័ន្ធកសិរុក្ខកម្មលើផ្ទៃដីព្រៃរិចរិល និងលើផ្ទៃដីដាំដុះនៅស្រុកកំពង់ត្រឡាច ខេត្តកំពង់ឆ្នាំង
260 _aPhnom Penh
_bRUA
_c1995
300 _a55p.
_bill.
_c29cm.
942 _2ddc
_cAGR
999 _c243
_d243